000 00763nam a2200253 a 4500
003 SISC
005 20181217071238.0
008 070921s19uu xx 00 eng d
020 _a9780071258982
050 _aHA 29
_b.L742 2008
100 _aLind, Douglas A.
245 _aBasic statistics for business & economics /
_cDouglas A. Lind
250 _a6th ed.
260 _aNew York :
_bMcGraw-Hill, Inc,
_c2006.
300 _a558 p. :
_bcol. ill. ;
_c27 cm.
650 _aBSBA books.
650 _aSocial sciences
_xStatistical methods.
650 _aEconomics
_xStatistical methods.
650 _aIndustrial management
_xStatistical methods.
700 _aMarchal, William G.
700 _aWathen, Samuel A.
942 _cBK
_2lcc
_kFOR
999 _c23151
_d23151